| 000 | 00687nam a2200181 i 4500 | ||
|---|---|---|---|
| 001 | 85004 | ||
| 003 | ES-MaACL | ||
| 005 | 20230906175148.0 | ||
| 007 | t| | ||
| 008 | 041124s1909 xxk ||||1| eng d | ||
| 100 | 1 |
_aJevons, William Stanley. _9128300 |
|
| 245 | 1 | 0 |
_aInvestigation in currency and finance / _cby W. Stanley Jevons ; illustrated by eighteen diagrams edited with and introduction by H.S. Foxwell ; new edition abridged with preface by H. Stanley Jevons. |
| 260 |
_aLondon : _b[s.n., _c1909] ( _eGlasgow : _fRobert Maclehose) |
||
| 300 |
_aXXXVI, 347 p. ; _c23 cm. |
||
| 700 | 1 |
_aFoxwell, H. S. _952039 |
|
| 700 | 1 |
_aJevons, H. Stanley. _966385 |
|
| 852 |
_aES-MaACL _jB-5633 |
||
| 999 |
_c85004 _d85004 |
||